Entry Nombre personal
001 - NÚMERO DE CONTROL
- campo de control: 76535
003 - IDENTIFICADOR DE NÚMERO DE CONTROL
- campo de control: SpMaBN
005 - FECHA Y HORA DE LA ÚLTIMA TRANSACCIÓN
- campo de control: 20250812072743.0
008 - ELEMENTOS DE DATO DE LONGITUD-FIJA
- campo de control de longitud fija: 901120nn aijnnaabn a aaa
016 ## - NÚMERO DE CONTROL DE UNA AGENCIA BIBLIOGRÁFICA NACIONAL
- Número de control del registro: BNE19900106456
024 7# - IDENTIFICADOR DE OTROS ESTÁNDARES
- Número estándar o código: http://viaf.org/viaf/24626509/
- Fuente: viaf
024 8# - IDENTIFICADOR DE OTROS ESTÁNDARES
- Número estándar o código: https://data.cervantesvirtual.com/person/2865
024 7# - IDENTIFICADOR DE OTROS ESTÁNDARES
- Número estándar o código: https://orcid.org/0000-0003-2197-7673
- Fuente: orcid
024 7# - IDENTIFICADOR DE OTROS ESTÁNDARES
- Número estándar o código: https://isni.org/isni/0000000108859643
- Fuente: isni
024 7# - IDENTIFICADOR DE OTROS ESTÁNDARES
- Número estándar o código: http://www.wikidata.org/entity/Q3755487
- Fuente: wikidata
040 ## - FUENTE DE CATALOGACIÓN
- Centro catalogador/agencia de origen: SpMaBN
- Lengua de catalogación: spa
- Centro/agencia transcriptor: SpMaBN
- Normas de descripción: rdc
- Convención/Normas de encabezamiento de materia/tesauro: embne
100 1# - ENCABEZAMIENTO-NOMBRE DE PERSONA
- Nombre de persona: Marcos Marín, Francisco,
- Fechas asociadas al nombre: 1946-
370 ## - LUGAR ASOCIADO
- Lugar de nacimiento: Madrid
- Número de control del registro de autoridad o número normalizado: XX450543
- Fuente de información: Wikidata
372 ## - CAMPO DE ACTIVIDAD
- Campo de actividad: Lingüística General
- Fuente de información: (Dialnet)
373 ## - GRUPO ASOCIADO
- Grupo asociado: Academia Norteamericana de la Lengua Española
- Grupo asociado: Academia Argentina de Letras
- Fuente de información: Wikidata
374 ## - OCUPACIÓN
- Ocupación: Linguistas
- Fuente de información: Wikidata
375 ## - GÉNERO/SEXO
- Género: Masculino
- Fuente de información: Wikidata
377 ## - IDIOMA ASOCIADO
- Término de lengua/lenguaje: Español
- Término de lengua/lenguaje: Árabe
- Término de lengua/lenguaje: Portugués
- Término de lengua/lenguaje: Alemán
- Término de lengua/lenguaje: Italiano
- Término de lengua/lenguaje: Francés
- Término de lengua/lenguaje: Inglés
400 1# - TRAZADO DE VÉASE--NOMBRE DE PERSONA
- Nombre de persona: Marcos Marín, F.,
- Fechas asociadas al nombre: 1946 -
400 1# - TRAZADO DE VÉASE--NOMBRE DE PERSONA
- Nombre de persona: Marcos-Marín, Francisco A.,
- Fechas asociadas al nombre: 1946 -
400 1# - TRAZADO DE VÉASE--NOMBRE DE PERSONA
- Nombre de persona: Marcos Marín, Francisco Adolfo,
- Fechas asociadas al nombre: 1946 -
670 ## - FUENTE DE DATOS ENCONTRADOS
- Cita de la fuente: Aproximación a la gramática española, 1984
670 ## - FUENTE DE DATOS ENCONTRADOS
- Cita de la fuente: Los retos del español, 2006
- Información encontrada: port. (Francisco A. Marcos-Marín)
670 ## - FUENTE DE DATOS ENCONTRADOS
- Cita de la fuente: Un calco semántico latino en el romance de Angélica y Meodoro, 1974
- Información encontrada: port. (F. Marcos Marín)
670 ## - FUENTE DE DATOS ENCONTRADOS
- Cita de la fuente: El comentario filológico con apoyo informático, 1996
- Información encontrada: port. (Francisco A. Marcos Marín)
856 4# - LOCALIZACIÓN Y ACCESO ELECTRÓNICOS
- Identificador Uniforme de Recursos: http://dialnet.unirioja.es/servlet/autor?codigo=264300
